Artists First Names - Statistics

General Stats
  • This quiz has been taken 79 times
  • The average score is 14 of 15
Answer Stats
Last Name First Name % Correct
Presley Elvis
100%
Lennon John
100%
Bieber Justin
100%
Swift Taylor
100%
Sheeran Ed
99%
Jackson Michael
97%
Spears Britney
96%
Sinatra Frank
96%
Winehouse Amy
95%
Gomez Selena
93%
Lamar Kendrick
92%
Carey Mariah
88%
West Kanye
87%
Shakur Tupac/2pac
75%
Urban Keith
66%
No matching quizzes found
Score Distribution
Percent of People with Each Score
Percentile by Number Answered
Your Score History
You have not taken this quiz